Historia na literę A - Statystyki

Ogólne statystyki
  • Ten quiz został rozwiązany 251 razy
  • Średni wynik to 11 z 22
Statystyki odpowiedzi
Wskazówka Odpowiedź % Poprawnych
Zdobywca Persji z przydomkiem "Wielki" Aleksander
95%
Wygrana strona w II wojnie światowej Alianci
94%
Nazwisko pierwszego człowieka, który stanął na Księżycu Armstrong
94%
Filozof, który uczył powyższego Arystoteles
80%
Imię ostatniej przedstawicielki dynastii Jagiellonów Anna
78%
Pierwszy cesarz Rzymu Oktawian August
68%
Dynastia, z której pochodził pierwszy polski król po zakończeniu panowania Piastów Andegawenowie
66%
Państwo najechane przez ZSRR w 1979r. Afganistan
65%
Cywilizacja, której stolicą był Tenochtitlán Azteków
57%
Grecki matematyk znany z wykrzyknienia "Eureka!" Archimedes
53%
System segregacji, z którym walczył Nelson Mandela Apartheid
49%
Lud, od którego pochodzi nazwa "Anglia" Anglowie
44%
Dawna nazwa Etiopii Abisynia
40%
Państwo, które przyłączyło się do Kastylii Aragonia
36%
Pierwszy prezydent współczesnej Turcji Mustafa Kemal Atatürk
31%
Człowiek zwany "Biczem Bożym" Attyla
26%
Pierwszy współcześnie znany człowiek, który dotarł na biegun południowy Roald Amundsen
26%
Imperium w Mezopotamii, które istniało w latach 2500p.n.e.-605 p.n.e. Asyria
23%
Stolica Imperium Khmerów, znana ze swojej świątyni Angkor
15%
Stolica Mogołów oraz miasto znane z Tadź Mahal Agra
13%
Następca Mohameta (według szyitów) Abu Bakr
2%
Święty, który napisał książkę "Wyznania" Augustyn z Hippony
2%
Nie znaleziono quizów pasujących do podanych kryteriów
Rozkład punktacji
Procent ludzi z każdym wynikiem
Percentyl według liczby udzielonych odpowiedzi
Twoja historia wyników
Nie rozwiązałeś tego quizu